| 000 | 01848cam a22004937a 4500 | ||
|---|---|---|---|
| 001 | 000092009 | ||
| 003 | CHAP | ||
| 005 | 20230629062636.0 | ||
| 008 | 040611d2004 mx a r 00110 spa d | ||
| 010 | _a88476 | ||
| 011 | _a89448 | ||
| 035 | _a99999 | ||
| 040 | _cCHAP | ||
| 090 | _aTesis | ||
| 100 | 0 | 0 |
_aVázquez Gálvez, Aurelio. _9120367 |
| 245 | 1 | 0 |
_aSituación fitosanitaria actual del cultivo de la papa (Solanum tuberosum L.) en la sierra Purepecha, Guarachanillo, Michoacán / _c/por Aurelio Vázquez Gálvez. |
| 260 |
_aChapingo, Méx. : _bEl autor, _c2004. |
||
| 300 |
_a94 h. ; : _bilus. |
||
| 502 | _aTesis (Ing. Agr. Esp. en Parasitología Agrícola) -- UACH. Departamento de Parasitoloía Agrícola | ||
| 590 |
_aALEPH _b10 _c20130110 _lUCH01 _h1458 |
||
| 590 |
_aBATCH-UPD _b10 _c20130110 _lUCH01 _h0438 |
||
| 590 |
_aBATCH-UPD _b10 _c20130110 _lUCH01 _h2205 |
||
| 590 |
_aBATCH-UPD _b10 _c20130410 _lUCH01 _h0114 |
||
| 590 |
_aBATCH-UPD _b10 _c20130410 _lUCH01 _h1623 |
||
| 590 |
_aBATCH-UPD _b10 _c20130914 _lUCH01 _h0559 |
||
| 590 |
_aBATCH-UPD _b10 _c20130914 _lUCH01 _h2134 |
||
| 590 |
_aBATCH-UPD _b10 _c20140324 _lUCH01 _h1445 |
||
| 590 |
_aBATCH-UPD _b10 _c20141002 _lUCH01 _h0822 |
||
| 590 |
_aCONVERSION _b10 _c20130109 _lUCH01 _h1349 |
||
| 590 |
_aE5765TAJ _b10 _c20130625 _lUCH01 _h0848 |
||
| 650 | 1 | 4 |
_aBemisia argentifolii. _911495 |
| 650 | 1 | 4 |
_aMyzus persicae. _979968 |
| 650 | 1 | 7 |
_aPapas _xEnfermedades _2 _985227 |
| 650 | 1 | 4 |
_aPapa _xMichoacán. _985262 |
| 650 | 1 | 4 |
_aPapa _xPlagas. _985270 |
| 650 | 1 | 4 |
_aPhyllophaga. _987881 |
| 856 |
_3Finding aid _uhttp://10.13.5.2/tesis/99999.pdf _zTeclea aquí |
||
| 901 | _aBK | ||
| 905 | _aMayto Villalobos Santana | ||
| 942 | _cCD | ||
| 942 | _n0 | ||
| 949 |
_aTesis _bBC _cTES _d33724000926556 _eTS2 _fc.2 _h42098 _i99999 _sb |
||
| 949 |
_aTesis _bBC _cTES _d999999123 _eTS1 _h41097 _i99999 _sb |
||
| 999 |
_c88476 _d88476 |
||